Economía social y solidaria en la educación superior (Registro nro. 169018)
[ vista simple ]
| 000 -LEADER | |
|---|---|
| fixed length control field | 03180nam a22002777a 4500 |
| 007 - PHYSICAL DESCRIPTION FIXED FIELD--GENERAL INFORMATION | |
| fixed length control field | cr|||| |||| |
| 008 - FIXED-LENGTH DATA ELEMENTS--GENERAL INFORMATION | |
| fixed length control field | 201022s2020 co |||||s|||| 00||0 spa d |
| 020 ## - INTERNATIONAL STANDARD BOOK NUMBER | |
| International Standard Book Number | 978-958-760-223-4 |
| 035 ## - | |
| -- | 32119 |
| 040 ## - CATALOGING SOURCE | |
| Original cataloging agency | vLex |
| 090 ## - | |
| -- | 10782 |
| -- | 10782 |
| 100 1# - MAIN ENTRY--PERSONAL NAME | |
| Personal name | Hernández Arteaga, Isabel |
| 245 10 - TITLE STATEMENT | |
| Title | Economía social y solidaria en la educación superior |
| Medium | [Recurso electrónico] : |
| Remainder of title | un espacio para la innovación / |
| Statement of responsibility, etc | Isabel Hernández Arteaga, Colombia Pérez Muñoz |
| Number of part/section of a work | Tomo 1 |
| 256 ## - | |
| -- | Servicio en línea |
| 260 ## - PUBLICATION, DISTRIBUTION, ETC. (IMPRINT) | |
| Place of publication, distribution, etc | Medellín: |
| Name of publisher, distributor, etc | Universidad Cooperativa de Colombia, |
| Date of publication, distribution, etc | 2020 |
| 300 ## - PHYSICAL DESCRIPTION | |
| Extent | 1 recurso electrónico |
| 500 ## - GENERAL NOTE | |
| General note | Este primer tomo de la colección Economía social y solidaria en la educación superior: un espacio para la innovación está conformado por artículos que dan cuenta del poderoso vínculo que se genera al introducir la realidad, la teoría y la práctica de la economía social y solidaria en el currículo de universidades del Reino Unido, Colombia, Argentina, Canadá, Francia, España y Brasil. Los autores exponen experiencias que aportan al mejoramiento de los modelos pedagógicos institucionales, al desarrollo de competencias para los profesores y al empoderamiento de los jóvenes desde el aula para incidir en sus realidades locales. Esto se hace a través de ejemplos de desarrollos curriculares que derivan en la gestión de cooperativas y en la promoción de políticas públicas en alianza con los gobiernos nacionales. Además, se exponen experiencias de diálogo de saberes y se muestra cómo el vínculo con los mercados agroecológicos puede ser un escenario de apropiación social del conocimiento que favorece la participación ciudadana. En los últimos capítulos, se resalta la importancia de los ecosistemas universitarios de apoyo a la economía social y solidaria y la experiencia de las incubadoras para sintonizar a la comunidad académica con el territorio. De esta forma, se destaca la manera en que dicha estrategia permite proponer soluciones efectivas a problemas o necesidades sociales, económicas y ambientales, a través del emprendimiento solidario y la innovación social. Al igual que en los demás tomos, se hace evidente que la experiencia de educación en economía social y solidaria no solo puede responder a las demandas de un mundo cambiante, también puede inspirar la apropiación de futuro para el logro del bien común mundial. Palabras clave: academia, diálogo de saberes, economía solidaria, educación superior, estrategias pedagógicas. |
| 506 1# - RESTRICTIONS ON ACCESS NOTE | |
| Terms governing access | Disponible solo en los productos indicados |
| Authorized users | vLex Global |
| -- | vLex Global (Academic Edition, excluding Law Schools) |
| -- | vLex Global (U.S. Academic Edition, Law Schools) |
| -- | vLex Global (U.S. Academic Edition, excluding Law Schools) |
| -- | vLex Global (Academic Edition, Law Schools) |
| 650 04 - SUBJECT ADDED ENTRY--TOPICAL TERM | |
| Topical term or geographic name as entry element | Educación |
| Geographic subdivision | Colombia |
| 650 04 - SUBJECT ADDED ENTRY--TOPICAL TERM | |
| Topical term or geographic name as entry element | Economía y negocios |
| Geographic subdivision | Colombia |
| 700 1# - ADDED ENTRY--PERSONAL NAME | |
| Personal name | Pérez Muñoz, Colombia |
| 740 0# - | |
| -- | vLex Libros (Servicio en línea) |
| 856 40 - LOCALIZACIÓN Y ACCESO ELECTRÓNICO | |
| Identificador Uniforme del Recurso (URI/URL) | https://app.vlex.com/#/sources/economia-social-y-solidaria-en-la-educacion-superior-un-espacio-para-la-innovacion-tomo-1-32119 |
| 942 ## - | |
| -- | RAA |
| 999 ## - | |
| -- | 169018 |
| -- | 169018 |
No hay ítems disponibles.